The Fault in Our Stars - Statistics

General Stats
  • This quiz has been taken 161 times
  • The average score is 13 of 17
Answer Stats
Hint Answer % Correct
Who is the female protagonist? Hazel
99%
Who is the Author? John Green
98%
Who is the male protagonist? Augustus
97%
What is her full name? Hazel Grace Lancaster
95%
Okay? ____ Okay
92%
Where do Gus and Hazel go? Amsterdam
89%
Some ______ are bigger than other ______ infinities
82%
What is Hazel's favorite book? An Imperial Affliction
80%
Gus, I'm a ________ grenade
80%
Who wrote it? Peter van Houten
79%
Where do they meet? Cancer Support Group
77%
What limb is Gus missing? His Leg
72%
What kind of cancer does she have? Thyroid
65%
The world is not a ____ ______ _____ wish granting factory
54%
Who is the leader of ^? Patrick
42%
The mark humans too often leave is ___ _____ ____ too often scars
30%
It's a metaphor. You put the killing thing right between your teeth, but you don't give it __ _____ __ __ ___ ____ the power to do the killing
25%
No matching quizzes found
Score Distribution
Percent of People with Each Score
Percentile by Number Answered
Your Score History
You have not taken this quiz